000
00267nmm a2200097Ia 4500
008
220120s9999||||xx |||||||||||||||||und||
082
_a
004.6 TOM
100
_a
Tomsho, Greg. Tittel, Ed and Johnson, David
_9
6076
245
0
_a
Guide networking essentials
260
_c
2007
999
_c
138544
_d
138544